000 00387nam a2200145 a 4500
008 970515s1948||||xx 0 und c
040 _aSNK
_bslo
_cSNK
_eAACR2
100 1 _aShakespeare, William
_d1564-1616
245 1 0 _aAko sa vám páči
260 _aMartin
_bÚstredie slovenských ochotníckych divadiel
_c1948
300 _a131 s.
020 _c10
041 _aslo
044 _axo
_cSK
999 _c7777
_d7777